Sobre el orígen de las células cosinófilas del tejido conectivo / (Record no. 85228)

MARC details
000 -LEADER
campo de control de longitud fija 00703nam a2200181 i 4500
001 - NÚMERO DE CONTROL
campo de control 85228
003 - IDENTIFICADOR DE NÚMERO DE CONTROL
campo de control ES-MaACL
005 - FECHA Y HORA DE LA ÚLTIMA TRANSACCIÓN
campo de control 20230906175214.0
007 - CAMPO FIJO DE DESCRIPCIÓN FÍSICA--INFORMACIÓN GENERAL
campo de control de longitud fija t|
008 - DATOS DE LONGITUD FIJA--INFORMACIÓN GENERAL
campo de control de longitud fija 041126s1922 sp ||||1| spa d
100 1# - ENTRADA PRINCIPAL--NOMBRE DE PERSONA
Nombre de persona Jiménez de Asúa, Felipe.
9 (RLIN) 66490
245 10 - MENCIÓN DEL TÍTULO
Título Sobre el orígen de las células cosinófilas del tejido conectivo /
Mención de responsabilidad, etc. Felipe Jiménez de Asúa.
260 ## - PUBLICACIÓN, DISTRIBUCIÓN, ETC.
Lugar de publicación, distribución, etc. [Madrid :
Nombre del editor, distribuidor, etc. s.n.,
Fecha de publicación, distribución, etc. 1922] (
Fabricante Jiménez y Molina)
300 ## - DESCRIPCIÓN FÍSICA
Extensión 9 h., 2 lám. ;
Dimensiones 24 cm.
500 ## - NOTA GENERAL
Nota general Trabajos del Laboratorio Histopatológico de la Junta para ampliación de estudios, nº 24.
500 ## - NOTA GENERAL
Nota general Es tirada aparte de: Libro en honor de D. Santiago Ramón y Cajal, T. II, p. 197-214.
852 ## - LOCALIZACIÓN
Ubicación ES-MaACL
Número de control de estantería 1648-F-4
Holdings
Estatus retirado Estado de pérdida Estado de daño No para préstamo Colección Biblioteca de origen Biblioteca actual Ubicación en estantería Fecha de adquisición Fuente de adquisición Total de préstamos Signatura topográfica completa Código de barras Visto por última vez Precio de reemplazo Tipo de ítem Koha
        Colección de folletos Biblioteca del Ateneo de Madrid Biblioteca del Ateneo de Madrid Depósito folletos 17/01/2008     1648-F-4 1089065 23/02/2023 23/02/2023 Folleto